UBT Library

POLITIKA NDESHKIMORE NDAJ DELIKTEVE TE GJAKUT NE KOSOVE GJATE PERIUDHES 1980-1989 (Record no. 60428)

000 -LEADER
fixed length control field 00369nam a22001457a 4500
008 - FIXED-LENGTH DATA ELEMENTS--GENERAL INFORMATION
fixed length control field 231011b ||||| |||| 00| 0 eng d
020 ## - INTERNATIONAL STANDARD BOOK NUMBER
International Standard Book Number 9951000258
041 ## - LANGUAGE CODE
Language code of text/sound track or separate title SHQIP
080 ## - UNIVERSAL DECIMAL CLASSIFICATION NUMBER
Universal Decimal Classification number 34
082 ## - DEWEY DECIMAL CLASSIFICATION NUMBER
Classification number 34GAS
100 ## - Rafti
Rafti 32
101 ## - Shkurtesa
Shkurtesa JURE
245 ## - TITLE STATEMENT
Title POLITIKA NDESHKIMORE NDAJ DELIKTEVE TE GJAKUT NE KOSOVE GJATE PERIUDHES 1980-1989
Statement of responsibility, etc GASHI.R
942 ## - ADDED ENTRY ELEMENTS (KOHA)
Source of classification or shelving scheme
Item type Books
Holdings
Withdrawn status Lost status Source of classification or shelving scheme Damaged status Not for loan Collection code Permanent location Current location Date acquired Total Checkouts Full call number Barcode Date last seen Price effective from Koha item type
          Koleksioni i përgjithshem UBT - Lipjan UBT - Lipjan 10/11/2023   34GAS 002-800070399 10/11/2023 10/11/2023 Books
          Koleksioni i përgjithshem UBT - Lipjan UBT - Lipjan 10/11/2023   34GAS 002-800070400 10/11/2023 10/11/2023 Books
          Koleksioni i përgjithshem UBT - Lipjan UBT - Lipjan 10/11/2023   34GAS 002-800070401 10/11/2023 10/11/2023 Books
UBT Library © 2015-2024. All rights reserved University Education for Business and Technology